00434nam a2200181Ia 4500003000400000005001700004008004100021020001400062040000700076041000800083082001900091100002100110245004100131250000600172260004500178300001600223365001300239OSt20230401092226.0210423s2009 xx 000 0 und d a195690877 cAL aeng a658.5 BEDK223 aBEDI (Kanishka). aProduction and operation management. a2 aNew DelhibOxford University Pressc2009 axvi,753bPB b410cINR